000
00378nam a22000977a 4500
100
_a
चतुरसेन,आचार्य
_9
66939
245
_a
महान बुद्ध और बौद्ध धर्म
260
_a
दिल्ली
_b
हिन्दी भाषा अकादमी प्रकाशन
_c
2018
650
_a
धर्म
_9
79506
942
_c
HIN
999
_c
63129
_d
63129